Science Quiz

Random Science or Animal Quiz

Birds of Guam Quiz Stats

Quiz not verified by Sporcle

Challenge
Share
Tweet
Embed
Score 0/14 Timer 05:00
0 Plays Today
Native Name English Name % Correct
Ko'koGuam Rail
88.2%
SihekMicronesian Kingfisher
70.6%
TototMariana Fruit Dove
52.9%
NosaBridled White-Eye
41.2%
AgaMariana Crow
41.2%
ChuguanguangGuam Flycatcher
35.3%
Paluman Å’paka’/Paluman FacheWhite-Throated Ground Dove
35.3%
Native Name English Name % Correct
SasangatMicronesian Megapode
29.4%
Chichirika/NaabakRufous Fan-Tail
29.4%
YakkakYellow Bittern
29.4%
SaliMicronesian Starling
23.5%
ChachaguakMariana Gray Swiftlet
17.6%
EgigiMicronesian Honeyeater
17.6%
Ga’KarisaNightingale Reed-Warbler
17.6%

You're not logged in!

Compare scores with friends on all Sporcle quizzes.
Join for Free
OR
Log In

You Might Also Like...

Show Comments

Extras

Top Quizzes Today


Score Distribution

Your Account Isn't Verified!

In order to create a playlist on Sporcle, you need to verify the email address you used during registration. Go to your Sporcle Settings to finish the process.

Report this User

Report this user for behavior that violates our Community Guidelines.

Details: